00442nam a22001577a 4500003000400000005001700004008004100021020001500062040002900077050002300106100002000129245004000149260004000189300001000229650004500239OSt20250721100914.0250721b |||||||| |||| 00| 0 eng d a0761975616 cChuka University Library aLB 1731b.G87 2000 aGuskey,Thomas R aEvaluating Professional Development aCaliforniabSage Publicationsc2000 a308p. aTeachers in service training evaluation